| 000 | 00357nam a2200157Ia 4500 | ||
|---|---|---|---|
| 008 | 230711s9999||||xx |||||||||||||| ||und|| | ||
| 041 | _aENG | ||
| 082 |
_a621 _bMO-T |
||
| 100 | _aMorris,Mano M | ||
| 245 | 0 | _aDigital design | |
| 250 | _a3rd Ed. | ||
| 260 |
_c2006 _aNew Delhi _bPearson |
||
| 300 | _a515 | ||
| 650 | _aElectronics Engineering | ||
| 942 | _cBK | ||
| 999 |
_c8467 _d8467 |
||